| 000 | 00414nam a22001697a 4500 | ||
|---|---|---|---|
| 003 | SGT | ||
| 020 | _a9781861563668 | ||
| 082 |
_a618.92 _bP05T |
||
| 100 | _aTHOUTENHOOFD, ED. | ||
| 245 | _aPAEDIATRIC COCHLEAR IMPLANTATION EVALUATING OUTCOMES | ||
| 250 | _a1ST | ||
| 260 |
_aLONDON _bWHURR PUB _c2005 |
||
| 300 | _a292 | ||
| 650 | _aAUDIOLOGY , PEDIATRICS | ||
| 653 | _aOUTCOME MEASURES | ||
| 942 |
_2ddc _cBK |
||
| 999 |
_c28457 _d28457 |
||